Administración de personal y recursos humanos (Registro nro. 106)

Detalles MARC
000 -LEADER
fixed length control field 01626 a2200289 4500
001 - CONTROL NUMBER
control field 137
005 - DATE AND TIME OF LATEST TRANSACTION
control field 20260407155413.0
008 - FIXED-LENGTH DATA ELEMENTS--GENERAL INFORMATION
fixed length control field 260407a2000 arg spa d
003 - CONTROL NUMBER IDENTIFIER
control field AR-UNSa-BCEJYS
040 ## - CATALOGING SOURCE
Original cataloging agency AR-UNSa-BCEJYS
Language of cataloging spa
Transcribing agency AR-UNSa-BCEJYS
080 ## - UNIVERSAL DECIMAL CLASSIFICATION NUMBER
Universal Decimal Classification number 658.3
Common auxiliary subdivision Personal. Relaciones humanas en la empresa (Recursos Humanos)
020 ## - INTERNATIONAL STANDARD BOOK NUMBER
International Standard Book Number 978-970-10-2892-6
041 ## - LANGUAGE CODE
Language code of text/sound track or separate title spa
100 1# - MAIN ENTRY--PERSONAL NAME
Personal name Werther, William B.
245 10 - TITLE STATEMENT
Title Administración de personal y recursos humanos
250 ## - EDITION STATEMENT
Edition statement 5a. ed
264 #1 - PRODUCTION, PUBLICATION, DISTRIBUTION, MANUFACTURE, AND COPYRIGHT NOTICE
Place of production, publication, distribution, manufacture México :
Name of producer, publisher, distributor, manufacturer McGraw-Hill
Date of production, publication, distribution, manufacture, or copyright notice 2000
300 ## - PHYSICAL DESCRIPTION
Extent 582 p.
Dimensions 25 cm
505 ## - FORMATTED CONTENTS NOTE
Formatted contents note 1. Elementos esenciales de los recursos humanos - 2. Desafíos del entorno - 3. Desafíos internacionales - 4. Análisis y diseño de puestos - 5. Planeación de los recursos humanos - 6. Reclutamiento - 7. Selección de personal - 8. Orientación, ubicación y separación - 9. Capacitación y desarrollo - 10. Planeación de la carrera profesional - 11. Evaluación de desempeño - 12.Sueldos y salarios - 13. Incentivos y participación de las utilidades - 14. Prestaciones y servicios al personal - 15. Aspectos de seguridad y salud - 16. Desafíos de la relación con el personal - 17. Relaciones de la empresa con el sindicato - 18. Evaluación y perspectivas a futuro
590 ## - LOCAL NOTE (RLIN)
Local note niveau_biblio:m niveau_hierar:0
700 1# - ADDED ENTRY--PERSONAL NAME
Personal name Davis, Keith
700 1# - ADDED ENTRY--PERSONAL NAME
Personal name Mejía Gomez, Joaquín
700 1# - ADDED ENTRY--PERSONAL NAME
Personal name Sánchez Bedolla, Graciela
700 1# - ADDED ENTRY--PERSONAL NAME
Personal name Huerta Sobrino, Maria Cristina
856 41 - ELECTRONIC LOCATION AND ACCESS
Uniform Resource Identifier <a href="https://biblioeco.unsa.edu.ar/pmb/images/libros/Administracion de Personal y Recursos Humanos.jpg">https://biblioeco.unsa.edu.ar/pmb/images/libros/Administracion de Personal y Recursos Humanos.jpg</a>
Link text Imagen de portada
Electronic format type image/jpeg
942 ## - ADDED ENTRY ELEMENTS (KOHA)
Koha item type
Existencias
Withdrawn status Lost status Damaged status Not for loan Home library Current library Shelving location Date acquired Total checkouts Full call number Barcode Date last seen Price effective from Koha item type
        Biblioteca Prof. Eusebio Cleto del Rey Biblioteca Prof. Eusebio Cleto del Rey   07/04/2026   658.3 W499 5ed. L87947 07/04/2026 07/04/2026 Libro
        Biblioteca Prof. Eusebio Cleto del Rey Biblioteca Prof. Eusebio Cleto del Rey   07/04/2026   658.3 W499 5ed. L87948 07/04/2026 07/04/2026 Libro
        Biblioteca Prof. Eusebio Cleto del Rey Biblioteca Prof. Eusebio Cleto del Rey   07/04/2026   658.3 W499 5ed. L87949 07/04/2026 07/04/2026 Libro